Sports Quiz

Random Sports or Alphabet Quiz
Score 0/31 Timer 15:00
0 Plays Today
Letter Rider % Correct
GDavid Gaudu
86.5%
GTony Gallopin
70.3%
GDylan Groenewegen
70.3%
GBen Gastauer
67.6%
GFilippo Ganna
64.9%
GEnrico Gasparotto
62.2%
GFernando Gaviria
59.5%
GAlexandre Geniez
59.5%
GPhilippe Gilbert
59.5%
GTsgabu Grmay
56.8%
GRobert Gesink
54.1%
GOscar Gatto
51.4%
GFelix Grossschartner
51.4%
GAlexis Gougeard
45.9%
GRuben Guerreiro
45.9%
GSimon Geschke
43.2%
Letter Rider % Correct
GTao Geoghegan Hart
43.2%
GMichal Golas
43.2%
GJacopo Guarnieri
40.5%
GIvan Garcia Cortina
35.1%
GRyan Gibbons
32.4%
GYevgeniy Gidich
32.4%
GMichael Gogl
32.4%
GDmitriy Gruzdev
32.4%
GAmanuel Ghebreigzabhier
29.7%
GJose Goncalves
29.7%
GAndrea Garosio
27%
GDorian Godon
24.3%
GKevin Geniets
21.6%
GKamil Gradek
21.6%
GJonas Gregaard
21.6%
Remove Ads.
Support Sporcle.
Get the best of Sporcle when you Go Orange. This ad-free experience offers more features, more stats, and more fun while also helping to support Sporcle. Thank you for becoming a member.

You're not logged in!

Compare scores with friends on all Sporcle quizzes.
OR
Log In

Show Comments

Extras

Top Quizzes Today


Score Distribution

Your Account Isn't Verified!

In order to create a playlist on Sporcle, you need to verify the email address you used during registration. Go to your Sporcle Settings to finish the process.

Report this User

Report this user for behavior that violates our Community Guidelines.

Details: